Central Library OPAC University of Rajshahi

Burro alley / (Record no. 17130)

MARC details
000 -LEADER
fixed length control field 00704cam a22002531a 4500
001 - CONTROL NUMBER
control field 17130
003 - CONTROL NUMBER IDENTIFIER
rucl marc code BD-RjUL
005 - DATE AND TIME OF LATEST TRANSACTION
control field 20211209000107.0
008 - FIXED-LENGTH DATA ELEMENTS--GENERAL INFORMATION
fixed length control field 140216s1938 nyu 000 1 eng
035 ## - SYSTEM CONTROL NUMBER
System control number (BD-RjUL)17187
System control number (OCoLC)3584826
040 ## - CATALOGING SOURCE
Original cataloging agency DLC
Transcribing agency NmU
Modifying agency DLC
-- BD-RjUL
Language of cataloging eng
041 ## - LANGUAGE CODE
Language code of text/sound track or separate title eng
082 04 - DEWEY DECIMAL CLASSIFICATION NUMBER
Edition number 19
Classification number 813.5
Author mark and year COB 1938
100 1# - MAIN ENTRY--PERSONAL NAME
Personal name Corle, Edwin,
Dates associated with a name 1906-1956.
9 (RLIN) 52841
245 10 - TITLE STATEMENT
Title Burro alley /
Statement of responsibility, etc. by Edwin Corle.
260 ## - PUBLICATION, DISTRIBUTION, ETC. (IMPRINT)
Place of publication, distribution, etc. New York :
Name of publisher, distributor, etc. Random House,
Date of publication, distribution, etc. c1938.
300 ## - PHYSICAL DESCRIPTION
Pagination 279 p. ;
Size 21 cm.
650 #0 - SUBJECT ADDED ENTRY--TOPICAL TERM
Topical term or geographic name as entry element New Mexico
Form subdivision Fiction.
9 (RLIN) 52842
651 #0 - SUBJECT ADDED ENTRY--GEOGRAPHIC NAME
Geographic name New Mexico
General subdivision Fiction.
9 (RLIN) 52843
942 ## - ADDED ENTRY ELEMENTS (KOHA)
Source of classification or shelving scheme Dewey Decimal Classification
Koha item type Books
Holdings
Lost status Source of classification or shelving scheme Damaged status Not for loan Collection code Permanent Location Current Location Shelving location Date acquired Source of acquisition Total Checkouts Full call number Date last seen Copy number Koha item type
  Dewey Decimal Classification   Not For Loan Non-fiction Central Library, University of Rajshahi Central Library, University of Rajshahi Reading Room 11/08/1965 U.S.I.S   813.5 COB 1938 16/02/2014 C-1 Books